Mặt trận Đồng minh trong Chiến tranh Thế giới thứ hai giai đoạn 1939-1945 Khóa luận tốt nghiệp : Ngành Sư phạm Lịch sử: Trình độ : Đại học

Na minha lista:
Detalhes bibliográficos
Autor principal: Nguyễn, Thị Lắm
Outros Autores: Trần, Thị Nhung (hướng dẫn)
Formato: Tese Kit Livro
Idioma:Vietnamese
Publicado em: Đồng Tháp Trường Đại học Đồng Tháp 2013
Assuntos:
Tags: Adicionar Tag
Sem tags, seja o primeiro a adicionar uma tag!
Thư viện lưu trữ: Trung tâm Học liệu Lê Vũ Hùng, Trường Đại học Đồng Tháp
LEADER 01234ppm a22003138a 4500
001 00031704
005 20171026081025.0
008 140122s2013 ||||||viesd
041 0 # |a vie 
082 1 4 |a 940.53  |b M118TR 
100 1 # |a Nguyễn, Thị Lắm 
245 1 0 |a Mặt trận Đồng minh trong Chiến tranh Thế giới thứ hai giai đoạn 1939-1945  |b Khóa luận tốt nghiệp : Ngành Sư phạm Lịch sử: Trình độ : Đại học  |c Nguyễn Thị Lắm; Trần Thị Nhung (hướng dẫn) 
260 # # |a Đồng Tháp  |b Trường Đại học Đồng Tháp  |c 2013 
300 # # |a 36 tr.  |c 30 cm. 
500 # # |a ĐTTTS ghi: Trường Đại học Sư phạm Đồng Tháp. Khoa Giáo dục Chính trị 
653 # # |a 1939 - 1945 
653 # # |a Chiến tranh thế giới 
653 # # |a Lịch sử 
653 # # |a Mặt trận Đồng minh 
700 1 # |a Trần, Thị Nhung  |e hướng dẫn 
852 # # |b Kho đọc  |j KD.0015466 
852 # # |j KD.0015466 
910 # # |d 22/01/2014 
980 # # |a Trung tâm Học liệu Lê Vũ Hùng, Trường Đại học Đồng Tháp